[Event "Bayern-chI Bank Hofmann 21st"]
[Site "Tegernsee"]
[Date "2017.10.31"]
[Round "4"]
[White "Kaufeld, Juergen"]
[Black "Peralta, Fernando"]
[Result "0-1"]
[WhiteElo "2289"]
[BlackElo "2551"]
[PlyCount "116"]
[EventDate "2017.10.28"]
[EventType "swiss"]
[EventRounds "9"]
[EventCountry "GER"]
[SourceTitle "CBM 181 Extra"]
[Source "ChessBase"]
[SourceDate "2017.12.12"]
[SourceVersion "1"]
[SourceVersionDate "2017.12.12"]
[SourceQuality "1"]

1. e4 d6 2. d4 Nf6 3. Nc3 g6 4. g3 Bg7 5. Bg2 0-0 6. Nge2 e5 7. 0-0 c6 8. a4 a5 9. h3 Na6 10. b3 Nb4 11. Bb2 Qb6 12. Na2 Nxa2 13. Rxa2 Re8 14. Re1 exd4 15. Bxd4 c5 16. Bxf6 Bxf6 17. Nf4 Be6 18. Nd5 Bxd5 19. Qxd5 Bd4 20. Rd1 Qb4 21. Qc4 Re6 22. Qxb4 axb4 23. e5 Ra7 24. exd6 Rxd6 25. Rd2 Rda6 26. Bf1 Ra5 27. Bg2 Kf8 28. Re2 b6 29. Bc6 Re7 30. Kf1 Raa7 31. Rxe7 Kxe7 32. f3 Kd6 33. Bb5 Ke5 34. Ke2 Bc3 35. Kd3 Be1 36. g4 Bc3 37. Kc4 Kd6 38. Kd3 Bd4 39. Kc4 h6 40. h4 h5 41. gxh5 gxh5 42. Kd3 Bf6 43. Ke4 Bxh4 44. Ra1 Re7+ 45. Kf4 Bf2 46. Rf1 Bd4 47. Kg5 Re5+ 48. Kf6 h4 49. Kxf7 Rg5 50. Rh1 Rg7+ 51. Kf8 Rh7 52. Kg8 Rh6 53. Kf7 h3 54. f4 h2 55. Bd3 Rf6+ 56. Kg8 Bg1 57. f5 Ke5 58. Kg7 Rxf5 0-1

[Event "Bayern-chI Bank Hofmann 21st"]
[Site "Tegernsee"]
[Date "2017.10.29"]
[Round "2"]
[White "Kaufeld, Juergen"]
[Black "Linner, Christian"]
[Result "1-0"]
[WhiteElo "2289"]
[BlackElo "2052"]
[PlyCount "43"]
[EventDate "2017.10.28"]
[EventType "swiss"]
[EventRounds "9"]
[EventCountry "GER"]
[SourceTitle "CBM 181 Extra"]
[Source "ChessBase"]
[SourceDate "2017.12.12"]
[SourceVersion "1"]
[SourceVersionDate "2017.12.12"]
[SourceQuality "1"]

1. e4 d6 2. d4 Nf6 3. Nc3 e5 4. Nf3 Nbd7 5. Bc4 Be7 6. 0-0 0-0 7. Re1 a6 8. a4 b6 9. Nd5 Bb7 10. Nxe7+ Qxe7 11. Bd3 h6 12. Nh4 Nxe4 13. Bxe4 d5 14. Bf5 Bc8 15. Bxd7 Bxd7 16. Qh5 e4 17. Qxd5 Rad8 18. Ng6 Qe8 19. Nxf8 Bc6 20. Qe5 Qxf8 21. Qxc7 Rc8 22. Qg3 1-0

[Event "Vojvodina op 8th"]
[Site "Novi Sad"]
[Date "2017.07.23"]
[Round "9"]
[White "Gajcin, Marina"]
[Black "Kaufeld, Juergen"]
[Result "1/2-1/2"]
[WhiteElo "2282"]
[BlackElo "2296"]
[PlyCount "42"]
[EventDate "2017.07.16"]
[EventType "swiss"]
[EventRounds "9"]
[EventCountry "SRB"]
[SourceTitle "EXT 2018"]
[Source "ChessBase"]
[SourceDate "2017.10.13"]
[SourceVersion "1"]
[SourceVersionDate "2017.10.13"]
[SourceQuality "1"]

1. e4 c5 2. Nf3 d6 3. d4 cxd4 4. Nxd4 Nf6 5. Nc3 Nc6 6. Bg5 Bd7 7. Qd2 Rc8 8. 0-0-0 Nxd4 9. Qxd4 Qa5 10. f4 Rxc3 11. bxc3 e5 12. Qb4 Qxb4 13. cxb4 Nxe4 14. Bh4 g5 15. Bxg5 Nf2 16. fxe5 Rg8 17. Be3 Nxd1 18. Kxd1 dxe5 19. a3 Bc6 20. Rg1 a6 21. g4 Bf3+ 1/2-1/2

[Event "Vojvodina op 8th"]
[Site "Novi Sad"]
[Date "2017.07.22"]
[Round "7"]
[White "Budisavljevic, Luka"]
[Black "Kaufeld, Juergen"]
[Result "1/2-1/2"]
[WhiteElo "2196"]
[BlackElo "2296"]
[PlyCount "55"]
[EventDate "2017.07.16"]
[EventType "swiss"]
[EventRounds "9"]
[EventCountry "SRB"]
[SourceTitle "EXT 2018"]
[Source "ChessBase"]
[SourceDate "2017.10.13"]
[SourceVersion "1"]
[SourceVersionDate "2017.10.13"]
[SourceQuality "1"]

1. d4 Nf6 2. Nf3 g6 3. c4 Bg7 4. Nc3 d5 5. Bf4 0-0 6. Rc1 dxc4 7. e4 Bg4 8. Bxc4 Nh5 9. Be3 Bxf3 10. gxf3 e5 11. dxe5 Bxe5 12. Qxd8 Rxd8 13. Ne2 Nc6 14. 0-0 Bxb2 15. Rb1 Ba3 16. Bd5 Nb4 17. Bxb7 Rab8 18. Rb3 Rxb7 19. Rxa3 Nc2 20. Rxa7 Nxe3 21. Rxb7 Nxf1 22. Kxf1 Rd1+ 23. Kg2 Rd2 24. Nc3 Nf4+ 25. Kg3 Nh5+ 26. Kg2 Nf4+ 27. Kg3 Nh5+ 28. Kg2 1/2-1/2